| 000 | 00927nam a2200289 4500 | ||
|---|---|---|---|
| 003 | OSt | ||
| 005 | 20260601193524.0 | ||
| 008 | 260504b1991 fi ||||| |||| 00| 0 eng d | ||
| 020 | _a9518690332 | ||
| 040 |
_aICI _bspa _cICI |
||
| 041 | _aeng | ||
| 050 |
_aNK1390 _bM86 1991 |
||
| 245 | 1 | _aMuodon kuvat 1960-1990 | |
| 264 |
_bDesign Museum, _c1991 _aHelsinki : |
||
| 300 |
_a270 páginas : _bilustraciones |
||
| 336 |
_atexto _2rdacontent |
||
| 337 |
_asin medio _2rdamedia |
||
| 338 |
_avolumen _2rdacarrier |
||
| 500 | _aCatálogo de exposición sobre diseño finlandés contemporáneo | ||
| 650 |
_aDiseño industrial _xHistoria _y1960-1990 _935528 |
||
| 650 |
_aDiseño industrial _zFinlandia _935529 |
||
| 650 |
_aDiseño de productos _xHistoria _935530 |
||
| 650 |
_aExposiciones de diseño _935531 |
||
| 650 |
_aEstética industrial _935532 |
||
| 655 |
_2local _aCatálogos de exposición _935533 |
||
| 942 |
_2lcc _cB _n1 |
||
| 999 |
_c21128 _d21128 |
||